Normal view
MARC view
- Barkakati, Nabajyoti
Entry Personal Name
001 - CONTROL NUMBER
- control field: 80265
003 - CONTROL NUMBER IDENTIFIER
- control field: NUST
005 - DATE AND TIME OF LATEST TRANSACTION
- control field: 20210628210629.0
008 - FIXED-LENGTH DATA ELEMENTS
- fixed length control field: 210628|| aca||aabn | a|a d
040 ## - CATALOGING SOURCE
- Original cataloging agency: NUST
- Transcribing agency: NUST
100 ## - HEADING--PERSONAL NAME
- Personal name: Barkakati, Nabajyoti
670 ## - SOURCE DATA FOUND
- Source citation: Work cat.: (NUST): Barkakati, Nabajyoti, Object oriented programming in c plus plus complete tutorial to object oriented programming and covers c plus plus version 2.1, 1999
